Islands of Asia by Picture - Statistics

General Stats
  • This quiz has been taken 15 times
  • The average score is 10 of 16
Answer Stats
Picture Answer % Correct
Hokkaido
100%
Java
100%
Singapore
90%
Taiwan
90%
Hainan
80%
Sri Lanka
80%
Bahrain
70%
Hong Kong
70%
Jeju
70%
Sakhalin
60%
Bali
50%
Male
40%
Mindanao
40%
Palawan
40%
Hawar
0%
North Sentinal
0%
No matching quizzes found
Score Distribution
Percent of People with Each Score
Percentile by Number Answered
Your Score History
You have not taken this quiz